Силовые полупроводниковые преобразователи частоты: Теория, характеристики, применение

Podrobná bibliografie
Hlavní autor: Джюджи Л.
Další autoři: Пелли Б.
Jazyk:ruština
Vydáno: Москва, Энергоатомиздат, 1983
Témata:
Médium: Kniha
KOHA link:https://koha.lib.tpu.ru/cgi-bin/koha/opac-detail.pl?biblionumber=33525

MARC

LEADER 00000nam0a2200000 4500
001 33525
005 20231030214654.0
035 |a (RuTPU)RU\TPU\book\33872 
090 |a 33525 
100 |a 20011210d1983 k y0rusy50 ca 
101 1 |a rus  |c eng 
102 |a RU 
105 |a a z 001zy 
200 1 |a Силовые полупроводниковые преобразователи частоты: Теория, характеристики, применение  |f Пер. с англ.  |f Л. Джюджи, Б. Пелли 
210 |a Москва  |c Энергоатомиздат  |d 1983 
215 |a 400 с.  |c ил. 
320 |a Библиогр.: с. 393-395 
610 1 |a автоматизированный электропривод 
610 1 |a преобразователи частоты 
610 1 |a действие 
610 1 |a теория 
610 1 |a характеристики 
610 1 |a применение 
675 |a 621.314.26  |v 3 
700 1 |a Джюджи  |b Л. 
701 1 |a Пелли  |b Б. 
801 0 |a RU  |b 63413507  |c 20011210  |g PSBO 
801 2 |a RU  |b 63413507  |c 20201016  |g PSBO 
900 |a Элементы автоматизированного электропривода 
942 |c BK